=LDR 00000nam 2200000 4500 =001 NUTBA000000000000085 =005 20161005155753.0 =006 =007 =008 =020 ##$$a 979-526-209-2 =035 ##$$0010-031400000000084 =090 ##$$b 378.199 =100 ##$$a NASUTION =245 ##$$a ASAS-ASAS KURIKULUM =250 ##$$a 2 =260 ##$$a JAKARTA $b BUMI AKSARA $c 2005 =300 ##$$a 284 =850 ##$$a NBPNMAT =990 ##$$a 0001/BPAP-NTB/20142014 =990 ##$$a 0001/BPAP-NTB/2016 =990 ##$$a 0001/BPAP-NTB/2016 =990 ##$$a 0001/BPAP-NTB/2016 =990 ##$$a 0001/BPAP-NTB/2016